Об упругости газов. Ч. 1: отчет представленный председателю Императорского Русского Технического Общества, Петру Аркадьевичу Кочубею

Detalles Bibliográficos
Autor principal: Менделеев Д. И. Дмитрий Иванович
Sumario:Рисунки снимали с натуры В. Е. Поль, И. Я. Капустин, П. А. Каншин и др.
Литография Н. А. Глыбова
Стенографировал П. И. Никитин
Корректировал Н. Е. Огородников
На доп. тит. л.: "Его Императорскому Высочеству, Великому Князю, Константину Николаевичу, Августейшему Покровителю РусскогоТехнического Общества, как слабый знак благодарности за благосклонное внимание к опытам над упругостью газов, труд сей всепреданнейше посвящает глубокопризнательный автор"
Lenguaje:ruso
Publicado: Санкт-Петербург, Типография А. М. Котомина, 1875
Colección:Опыты Императорского Русского Технического Общества
Materias:
Formato: Libro
KOHA link:https://koha.lib.tpu.ru/cgi-bin/koha/opac-detail.pl?biblionumber=323718

MARC

LEADER 00000nam0a2200000 4500
001 323718
005 20231102003610.0
035 |a (RuTPU)RU\TPU\book\349305 
090 |a 323718 
100 |a 20161026d1875 k y0rusy50 ca 
101 0 |a rus 
102 |a RU 
105 |a a z 001zy 
200 1 |a Об упругости газов. Ч. 1  |e отчет представленный председателю Императорского Русского Технического Общества, Петру Аркадьевичу Кочубею  |f Д. И. Менделеев 
210 |a Санкт-Петербург  |c Типография А. М. Котомина  |d 1875 
215 |a 263 с. + XII л.  |c с 12 табл. рис. 
225 1 |a Опыты Императорского Русского Технического Общества 
300 |a Рисунки снимали с натуры В. Е. Поль, И. Я. Капустин, П. А. Каншин и др. 
300 |a Литография Н. А. Глыбова 
300 |a Стенографировал П. И. Никитин 
300 |a Корректировал Н. Е. Огородников 
300 |a На доп. тит. л.: "Его Императорскому Высочеству, Великому Князю, Константину Николаевичу, Августейшему Покровителю РусскогоТехнического Общества, как слабый знак благодарности за благосклонное внимание к опытам над упругостью газов, труд сей всепреданнейше посвящает глубокопризнательный автор" 
316 |5 63413507: 10//621  |a Владельческий переплет "Т. А. Реаль. У." 
317 |5 63413507: 10//621  |a Поступила в НТБ в 1923-1924 году по распоряжению Наркомпроса 
320 |a Описание рис. , приложенных к 1-ой части: с. 263 
606 1 |a Сопротивление материалов  |2 stltpush  |3 (RuTPU)RU\TPU\subj\55554  |9 73567 
610 1 |a упругость 
610 1 |a газы 
610 1 |a объем газа 
610 1 |a барометры 
610 1 |a манометры 
610 1 |a стеклянные трубки 
610 1 |a сжатые газы 
610 1 |a сжатый воздух 
610 1 |a библиотека Томского Алексеевского Реального Училища (ТАРУ) 
675 |a 539.3/6  |v 4 
700 1 |a Менделеев  |b Д. И.  |c учёный-энциклопедист, химик, педагог  |c член-корреспондент Петербургской АН  |f 1834-1907  |g Дмитрий Иванович  |2 stltpush  |3 (RuTPU)RU\TPU\pers\1367  |9 609 
801 1 |a RU  |b 63413507  |c 20161026 
801 2 |a RU  |b 63413507  |c 20171031  |g RCR 
942 |c BK